Traditionelle Stadionnamen - Statistiken

Allgemein
  • Dieses Quiz wurde 60 mal gespielt
  • Das Durchschnittsergebnis liegt bei 13 aus 22
Antwortstatistiken
Hint Antwort % Korrekt
Hertha BSC Olympiastadion Berlin
87%
1. FC Union Berlin Stadion an der Alten Försterei
81%
Hamburger SV Volksparkstadion
81%
1. FC Nürnberg Max-Morlock-Stadion
79%
Werder Bremen Weserstadion
79%
Alemannia Aachen Tivoli
77%
Eintracht Frankfurt Waldstadion
77%
ST. Pauli Millerntor-Stadion
72%
1. FC Kaiserslautern Fritz-Walter Stadion
68%
Hansa Rostock Ostseestadion
68%
Borussia Mönchengladbach Stadion im Borussia Park
66%
VfL Osnabrück Bremer Brücke
60%
1860 München Stadion an der Grünwalder Straße
60%
Jahn Regensburg Jahnstation Regensburg
57%
SSV Ulm Donaustadion
49%
Eintracht Braunschweig Eintracht-Stadion
47%
Holstein Kiel Holstein Stadion
47%
Dynamo Dresden Rudolf-Harbig-Stadion
43%
Rot-Weiss Essen Stadion an der Hafenstraße
42%
Saarbrücken Ludwigsparkstadion
36%
Viktoria Köln Sportpark Höhenberg
13%
TSV Havelse Eilenriedstadion
9%
Keine übereinstimmenden Quizze gefunden
Verteilung der Resultate
Anzahl Personen mit jedem Resultat
Perzentil nach korrekt beantworteten Fragen
Ihre Resultats-Entwicklung
Sie haben dieses Quiz noch nicht gespielt